Callister`s material scinece and engineering (Record no. 139502)

000 -LEADER
fixed length control field 00290nmm a2200097Ia 4500
008 - FIXED-LENGTH DATA ELEMENTS--GENERAL INFORMATION
fixed length control field 220120s9999||||xx |||||||||||||||||und||
020 ## - INTERNATIONAL STANDARD BOOK NUMBER
International Standard Book Number 81-7808-333-7
100 ## - MAIN ENTRY--PERSONAL NAME
Personal name Callister, William, D
9 (RLIN) 432
245 #0 - TITLE STATEMENT
Title Callister`s material scinece and engineering
260 ## - PUBLICATION, DISTRIBUTION, ETC.
Place of publication, distribution, etc. Tata mcgraw hill
Name of publisher, distributor, etc. Delhi
Date of publication, distribution, etc. 2010
Holdings
Withdrawn status Lost status Damaged status Not for loan Home library Current library Date acquired Barcode Date last seen Price effective from Koha item type
        Central Library Central Library 01/20/2022 CD1053 01/20/2022 01/20/2022 Compact Disc

Powered by Koha